| 000 | 00576nam a22001817a 4500 | ||
|---|---|---|---|
| 005 | 20100930122818.0 | ||
| 008 | 100930t xxu||||| |||| 00| 0 eng d | ||
| 020 | _a0-439-70363-8 | ||
| 035 | _aB-164817 | ||
| 082 | _aS | ||
| 100 |
_aDoyle, Debra _922538 |
||
| 245 |
_aSecret of the tower / _cby Debra Doyle and James D. Macdonald |
||
| 260 |
_aNew Delhi _bSchlostic Inc. |
||
| 300 |
_a134p. _b19cm. (pbk) |
||
| 700 |
_aMacdonald, James D. _922539 |
||
| 942 |
_2ddc _cEN _hS _mDOY |
||
| 999 |
_c48052 _d48052 |
||